| 000 | 00657cam a2200229 a 4500 | ||
|---|---|---|---|
| 001 | 22730 | ||
| 003 | BD-RjUL | ||
| 005 | 20211209000838.0 | ||
| 008 | 140309s1891 enk 000 0 eng | ||
| 035 | _a(BD-RjUL)22795 | ||
| 040 |
_aDLC _cDLC _dDLC _dBD-RjUL _beng |
||
| 041 | _aeng | ||
| 082 | 0 | 0 |
_219 _a824 _bHOP 1891 |
| 100 | 1 |
_aHolmes, Oliver Wendell, _d1809-1894. _967483 |
|
| 245 | 1 | 4 |
_aThe poet at the breakfast-table / _cby Oliver Wendell Holmes. |
| 260 |
_aLondon : _bThe walter scot publishing, _c1891. |
||
| 300 |
_a320 p. ; _c19 cm. |
||
| 650 | 0 |
_aEnglish fiction _970114 |
|
| 942 |
_2ddc _cBK |
||
| 999 |
_c22730 _d22730 |
||